The Differential Thermal Analysis of the Reaction Sintered System Fe-Cu-Ti

Bibliographic Details
Main Authors: Pieczonka, T. (Author), Ciaś, A. (Author)
Format: Article
Language:English
Subjects:

MARC

LEADER 00000nab a2200000 a 4500
001 vtls000492207
003 SK-MaSNL
005 20260318121533.0
008 160204c1992 xo 0 eng
015 |a SNBRA19rr/mm-uuuuu 
035 |a CL0492345 
040 |a SNKBUCL  |b slo  |c SNKBUCL  |e AACR2 
041 0 |a eng 
044 |a xo  |c SK 
080 |a 669.15'295'3-138:543.226  |2 1981 
080 |a 543.226  |2 1981 
100 1 |a Pieczonka, T.  |4 aut  |9 807677 
245 1 4 |a The Differential Thermal Analysis of the Reaction Sintered System Fe-Cu-Ti  |c T. Pieczonka, A. Ciaś 
300 |b Grafy 2, res. angl., slov., lit. 5 zázn. v angl. 
650 0 7 |a zliatiny Fe-Cu-Ti  |2 snkbucl  |9 1579791 
650 0 7 |a spekanie práškov reakčné  |2 snkbucl  |9 1579792 
650 0 7 |a diferenciálna termická analýza  |2 snkbucl  |9 262975 
655 7 |a články zo zborníkov  |2 snkbucl  |9 166140 
700 1 |a Ciaś, A.  |4 aut  |9 807687 
773 0 |t Ôsma medzinárodná konferencia o práškovej metalurgii v ČSFR 3  |d Bratislava : Ústav materiálového výskumu SAV, 1992  |g S. 37-40 
850 |a Slovenská národná knižnica v Martine  |a MTA001 
852 |a SNK  |b KIS3GCP 
958 |a NB 
958 |a RK 
992 |a RZB 
999 |c 3228721  |d 3230651